00706 2200241 4500001002100000005001500021035002000036007000300056008004100059020000600100082002000106084002600126100002000152245009200172250000600264260007000270300003100340650001500371700001500386651001200401856002800413990002300441INLIS00000000000758920250807021841 a0010-0825000017ta250807 0 ind  a- a631:338.1:005.5 a631:338.1:005.5 HAR r0 aHARDIANTO, Ruly1 aRencana Pengembangan Pertanian Terpadu Dalam Rangka Otonomi Daerah di Kabupaten Jombang a- aMalang :bBalai Pengkajian Teknologi Pertanian Karangploso,c2000 a96p. :bilus ;c28,5 cme- 4aAgribisnis0 aSuyamto H. 4aJombang aPerpustakaan BRMP Jatim a448/2025/BRMPJATIM